Elements Of Mechanical Engineering (Record no. 291578)

MARC details
000 -LEADER
fixed length control field 00396nam a2200157Ia 4500
008 - FIXED-LENGTH DATA ELEMENTS--GENERAL INFORMATION
fixed length control field 230718s9999 xx 000 0 und d
041 ## - LANGUAGE CODE
Language code of text/sound track or separate title eng
082 ## - DEWEY DECIMAL CLASSIFICATION NUMBER
Classification number 621
Item number CHA
100 ## - MAIN ENTRY--PERSONAL NAME
Personal name Chavan D.K.
245 ## - TITLE STATEMENT
Title Elements Of Mechanical Engineering
260 ## - PUBLICATION, DISTRIBUTION, ETC. (IMPRINT)
Date of publication, distribution, etc. 1993
Name of publisher, distributor, etc. Shree Publication
300 ## - PHYSICAL DESCRIPTION
Extent 287
365 ## - TRADE PRICE
Currency code Rs.
Price amount 70.00
700 ## - ADDED ENTRY--PERSONAL NAME
Personal name Chavan D.K.
906 ## - LOCAL DATA ELEMENT F, LDF (RLIN)
d B:85024-Nov-1993
c ALLIED
b 10.5
Holdings
Withdrawn status Lost status Damaged status Not for loan Home library Current library Date acquired Vendor Budget Code Cost, normal purchase price Bill number Full call number Barcode Date last seen Discount Cost, replacement price Bill Date Koha item type Original Barcode
Withdrawn       Cummins College of Engineering for Women Pune Cummins College of Engineering for Women Pune 01/12/1993 Pradeep Book Distributors ALLIED 59.50 850 621 CCEP-BK-2678 18/07/2023 10.5 70.00 24/11/1993 Books 002678